Balina gida ಬಾಳಿನ ಗಿಡ (Record no. 147805)
[ view plain ]
| 000 -LEADER | |
|---|---|
| fixed length control field | 00505nam a2200181Ia 4500 |
| 003 - CONTROL NUMBER IDENTIFIER | |
| control field | OSt |
| 005 - DATE AND TIME OF LATEST TRANSACTION | |
| control field | 20240624163221.0 |
| 008 - FIXED-LENGTH DATA ELEMENTS--GENERAL INFORMATION | |
| fixed length control field | 210210b1948 xxu||||| |||| 00| 0 eng d |
| 040 ## - CATALOGING SOURCE | |
| Original cataloging agency | AL |
| Transcribing agency | |
| 041 ## - LANGUAGE CODE | |
| Language code of text/sound track or separate title | Kannada |
| 082 ## - DEWEY DECIMAL CLASSIFICATION NUMBER | |
| Classification number | 859/2258 |
| 100 ## - MAIN ENTRY--PERSONAL NAME | |
| Personal name | HARIDASA RAV (M) |
| 9 (RLIN) | 27746 |
| Dates associated with a name | ಹರಿದಾಸ ರಾವ್ (ಎಂ) |
| 245 ## - TITLE STATEMENT | |
| Title | Balina gida ಬಾಳಿನ ಗಿಡ |
| 260 ## - PUBLICATION, DISTRIBUTION, ETC. | |
| Place of publication, distribution, etc. | Hubballi |
| Name of publisher, distributor, etc. | Sarvoday Sahity Prakashan |
| Date of publication, distribution, etc. | 1948 |
| 690 ## - LOCAL SUBJECT ADDED ENTRY--TOPICAL TERM (OCLC, RLIN) | |
| Topical term or geographic name as entry element | Kannada Fiction |
| 9 (RLIN) | 27749 |
| 906 ## - LOCAL DATA ELEMENT F, LDF (RLIN) | |
| a | 022972 |
| 942 ## - ADDED ENTRY ELEMENTS (KOHA) | |
| Source of classification or shelving scheme | Dewey Decimal Classification |
| Koha item type | Book |
| Withdrawn status | Lost status | Damaged status | Not for loan | Collection code | Home library | Current library | Shelving location | Date acquired | Cost, normal purchase price | Total Checkouts | Full call number | Barcode | Date last seen | Price effective from | Koha item type |
|---|---|---|---|---|---|---|---|---|---|---|---|---|---|---|---|
| St Aloysius Library | St Aloysius Library | 02/17/2021 | 0.00 | 859/2258 | 022972 | 02/17/2021 | 02/17/2021 | Book | |||||||
| St Aloysius Library | St Aloysius Library | 02/17/2021 | 0.00 | 859/2259 | 022973 | 02/17/2021 | 02/17/2021 | Book |